The vedic values / (Record no. 90181)

MARC details
000 -LEADER
fixed length control field 00542nam a22001937a 4500
005 - DATE AND TIME OF LATEST TRANSACTION
control field 20141124122606.0
010 ## - LCCN (DPL NO)
LC control number ENG-111347
020 ## - INTERNATIONAL STANDARD BOOK NUMBER
Terms of availability 33.00
035 ## - SYSTEM CONTROL NUMBER
System control number EN-94879
037 ## - SOURCE OF ACQUISITION
Source of stock number/acquisition DBAD/PUB
082 ## - DEWEY DECIMAL CLASSIFICATION NUMBER
Classification number 220
100 ## - MAIN ENTRY--PERSONAL NAME
Personal name Gan-Chaudhuri, Jagadis
245 ## - TITLE STATEMENT
Title The vedic values /
Statement of responsibility, etc by Jagadis Gan-Chaudhuri
260 ## - PUBLICATION, DISTRIBUTION, ETC. (IMPRINT)
Place of publication, distribution, etc Nagpur
Name of publisher, distributor, etc Author
Date of publication, distribution, etc 2012
270 ## - ADDRESS
Address Kanchan Apts.,Tikekar Road, Dhantoli
City Nagpur
300 ## - PHYSICAL DESCRIPTION
Extent 63p.
Dimensions 22cm(pbk)
500 ## - GENERAL NOTE
General note Includes bibliographical references
942 ## - ADDED ENTRY ELEMENTS (KOHA)
Source of classification or shelving scheme Dewey Decimal Classification
Item type English Books
Call number suffix GAN
Classification part 220
Holdings
Withdrawn status Lost status Not for loan Collection code Home library Current library Date acquired Source of acquisition Cost, normal purchase price Full call number Barcode Copy number Cost, replacement price Koha item type
    Not For Loan Non-fiction D.B.Act.Division D.B.Act.Division 20/11/2014 DBAD/PUB 33.00 220 GAN EN-94879 1 33.00 English Books

© Delhi Public Library
Hit Counter
free hit counter